Statistics for Seattle Mariners: All-Star Selections

Click here to take the quiz!

General Stats

  • This quiz has been taken 57 times
  • The average score is 16 of 40

Answer Stats

Position Amount of Selections Player % Correct
P6Félix Hernández
96%
CF10Ken Griffey, Jr.
96%
DH7Edgar Martínez
93%
1B1Tino Martinez
93%
P5Randy Johnson
91%
RF10Ichiro Suzuki
89%
RF1Jay Buhner
78%
2B3Robinson Canó
76%
3B4Álex Rodríguez
74%
P1Jamie Moyer
70%
3B1Kyle Seager
63%
RF2Nelson Cruz
63%
1B1Alvin Davis
61%
2B2Bret Boone
54%
CF1Mike Cameron
50%
C1Dan Wilson
50%
1B1John Olerud
48%
2B2Harold Reynolds
41%
SS1Craig Reynolds
41%
CF1Ruppert Jones
33%
P1Freddy García
30%
P1Kazuhiro Sasaki
30%
P1Hisashi Iwakuma
28%
P1Mark Langston
26%
P1Jeff Nelson
22%
2B1Joey Cora
22%
2B1José López
15%
3B1Jim Presley
11%
P1J.J. Putz
11%
P1Shigetoshi Hasegawa
11%
P1Aaron Sele
11%
LF1Phil Bradley
9%
1B1Bruce Bochte
4%
P1Matt Young
4%
P1Michael Pineda
4%
P1Floyd Bannister
4%
LF1Jeffrey Leonard
2%
P1Brandon League
2%
OF1Tom Paciorek
0%
P1Rick Honeycutt
0%

Score Distribution

Percentile by Number Answered

Percent of People with Each Score

Your Score History

You have not taken this quiz